000 00429nam a2200145 4500
008 151001b xxu||||| |||| 00| 0 eng d
020 _a9966445439
050 _aQC 23 .K53 2018
245 _aSecondary physics:
_bStudents book four /
_cKLB
250 _a3rd ed.:
260 _aNairobi :
_bKenya literature,
_c2018.
300 _a307 p.
_b: ill.
650 _aPhysics.
942 _2lcc
_cBOOKS
_hQC 23 .K53 2013
_0214
999 _c7031
_d7031